The butcher's theater /

Bibliographic Details
Main Author: Kellerman, Jonathan
Format: Book
Language:English
Published: Toronto ; New York : Bantam Books, [1988]

MARC

Tag First Indicator Second Indicator Subfields
LEADER 00000cam a22000008a 4500
001 in00000027130
005 20151007055909.0
008 871013s1988 onc 00011 eng
010 |a  87030660  
020 |a 0553052519 
035 |a (OCoLC)16923761 
035 |9 AAB9603AM 
040 |a DLC  |c DLC  |d TXA  |d UtOrBLW 
049 |a TXAM  |c [A11075277] 
050 0 0 |a PS3561.E3865  |b B88 1988 
082 0 |a 813/.54  |2 19 
100 1 |a Kellerman, Jonathan. 
245 1 4 |a The butcher's theater /  |c Jonathan Kellerman. 
263 |a 8804 
264 1 |a Toronto ;  |a New York :  |b Bantam Books,  |c [1988] 
264 4 |c ©1988 
300 |a 627 pages :  |b illustrations 
336 |a text  |b txt  |2 rdacontent 
337 |a unmediated  |b n  |2 rdamedia 
338 |a volume  |b nc  |2 rdacarrier 
999 |a MARS 
999 f f |s 7cc58ca5-857f-3c6e-8b05-04422432e8e0  |i c6928690-a403-3767-bf97-f1ff963f95c2  |t 0 
952 f f |p ric  |a Texas A&M University  |b Rellis Campus  |c Joint Library Facility  |d Remote Storage  |t 0  |e PS3561.E3865 B88 1988  |h Library of Congress classification  |i unmediated -- volume  |m A14821436310 
998 f f |a PS3561.E3865 B88 1988  |t 0  |l Remote Storage